Estimación del factor de probabilidad (factor K) del suelo en el Centro Experimental Agrícola CEA-UNI, Municipio de Tisma, Departamento de Masaya
El estudio tiene el propósito de aplicar una metodología (parcelas de erosión) para predecir la probabilidad o susceptibilidad del suelo por erosión hídrica. La probabilidad del suelo o factor K, es una descripción cuantitativa que indica la susceptibilidad del suelo a ser erosionado, es consi...
| Main Authors: | , |
|---|---|
| Other Authors: | |
| Format: | Tesis Section = Libro |
| Language: | Undetermined Spanish |
| Published: |
Managua
UNI
2016
|
| Subjects: |
| LEADER | 01429nam a2200265Ia 4500 | ||
|---|---|---|---|
| 008 | 240830s9999 xx 000 0 und d | ||
| 040 | |a BIBLIOTECA-RUPAP Mon 631.45 R621 | ||
| 041 | |a spa | ||
| 082 | |a Mon 631.45 R621 | ||
| 100 | 1 | |a Rivera Ocampo, Carlos Eduardo | |
| 100 | 1 | |b Alguera Ruiz, Emmanuel Steven | |
| 245 | 1 | 0 | |a Estimación del factor de probabilidad (factor K) del suelo en el Centro Experimental Agrícola CEA-UNI, Municipio de Tisma, Departamento de Masaya |
| 260 | |a Managua |b UNI |c 2016 | ||
| 300 | |a 72 p. :il. | ||
| 500 | |a Contiene: anexos y CD. | ||
| 502 | |a Tesis (Ingeniero Agrícola)- UNI, 2016. | ||
| 520 | 3 | |a El estudio tiene el propósito de aplicar una metodología (parcelas de erosión) para predecir la probabilidad o susceptibilidad del suelo por erosión hídrica. La probabilidad del suelo o factor K, es una descripción cuantitativa que indica la susceptibilidad del suelo a ser erosionado, es considerado como el factor más importante para la predicción de la erosión hídrica y refleja el hecho de que diferentes suelos se erosionan a diferentes tasas cuando los demás factores que afectan la erosión son los mismos | |
| 650 | 7 | |a EROSION DE SUELOS | |
| 650 | 7 | |b CONSERVACION DE SUELOS | |
| 650 | 7 | |c PROPIEDADES FISICAS DEL SUELO | |
| 650 | 7 | |d EROSION HIDRICA | |
| 700 | 1 | |a Tutor: |b Sotelo Contreras, Rosario Verónica | |
| 942 | |c BK |2 ddc | ||
| 991 | |a TESIS | ||
| 999 | |c 16649 | ||